Statistics for Countries Starting with S (with a semi-empty map)

Click here to take the quiz!

General Stats

  • This quiz has been taken 291 times
  • The average score is 193 of 196

Answers on the Map

Answers color-coded by a green-red scale on the quiz's map according to % correct below.
 

Answer Stats

country% Correct
x
100%
South Sudan
98%
Sudan
98%
South Africa
97%
Switzerland
97%
Saudi Arabia
96%
Spain
96%
Sweden
96%
Slovakia
95%
Slovenia
94%
South Korea
93%
Senegal
92%
Serbia
91%
Somalia
89%
Suriname
89%
Sierra Leone
87%
Saint Kitts and Nevis
85%
Saint Lucia
84%
Saint Vincent and
the Grenadines
84%
Swaziland
84%
Syria
81%
Seychelles
79%
Samoa
77%
Sri Lanka
77%
Singapore
76%
São Tomé and Príncipe
74%
San Marino
72%
Solomon Islands
72%

Score Distribution

Percentile by Number Answered

Percent of People with Each Score

Your Score History

You have not taken this quiz